| 000 | 00460nam a22001937a 4500 | ||
|---|---|---|---|
| 003 | MPLRDC | ||
| 005 | 20220104113946.0 | ||
| 008 | 210129b ||||| |||| 00| 0 eng d | ||
| 020 | _a957-583-044-X | ||
| 082 | _a848.2 KL-3 | ||
| 100 | _a苦苓著 | ||
| 245 |
_a我为何离校出走 _c |
||
| 250 | _a修订六刷 | ||
| 260 |
_a _b晨星出版社 _c1994 |
||
| 300 | _b平 | ||
| 490 | _a晨星文库;75 | ||
| 650 | _a现代别集 | ||
| 942 |
_cBK _o848.2 KL-3 |
||
| 999 |
_c3707 _d3697 |
||